| 000 | 00712nam a2200217 a 4500 | ||
|---|---|---|---|
| 001 | 13659 | ||
| 003 | BD-JhCC | ||
| 005 | 20240313150042.0 | ||
| 008 | 240313b2023 nyua|||| ||a| 001 0 eng d | ||
| 020 | _a9781526622563 | ||
| 035 | _a(BD-JhCC)13659 | ||
| 040 |
_aBD-JhCC _dBD-JhCC |
||
| 041 | _aenglish | ||
| 082 |
_a 909.0971241 _bFRA 2023 |
||
| 100 | _a Frankopan, Peter | ||
| 245 |
_aThe Earth transformed : _bAn Untold History / _cPeter Frankopan . |
||
| 260 |
_a London: _bBloomsbury Publishing; _c2023. |
||
| 300 |
_a696 p. : _bill; _c24 cm. |
||
| 650 |
_aAlgemene geschiedenis _vCatastrophes naturelles Histoire _xClimat Changements Histoire _yClimatic changes _zClimatic changes History |
||
| 942 |
_2ddc _cBK |
||
| 999 |
_c13659 _d13659 |
||